000 00508nam a2200181Ia 4500
008 090124s9999 xx 000 0 und d
082 _b2541
100 _aपटवर्धन वसंत
245 _a मेघदूत
250 _a1
260 _bकेदार प्रकाशन
_c1971
300 _a64
600 _aपटवर्धन वसंत
630 _a मेघदूत
700 _aपटवर्धन वसंत
730 _a मेघदूत
942 _cBOOK
999 _c82473
_d82473